000 00423 a2200157 4500
005 20250515132619.0
020 _a0-07-032347-X
082 _a658.401 JAU
100 _aJAUCH, L. R.
245 _aBusiness Policy and Strategic Management.
250 _a5th Ed
260 _aNew York,
_bMcGraw-Hill,
_c1988.
300 _axix, 940p.: ill.; figure, picture, table
_bIndex
_c22cm.
700 _aGLUECK, W. F.
942 _2ddc
_cBKS
999 _c2311
_d2311